| 000 | 01169nam a2200229Ia 4500 | ||
|---|---|---|---|
| 003 | PE SENCICO BE | ||
| 005 | 20251020182422.0 | ||
| 008 | 200515s9999 xx 000 0 und d | ||
| 040 |
_aPE SENCICO BE _cPE SENCICO BE |
||
| 041 | _aspa | ||
| 082 |
_a985.01 _bL95 |
||
| 100 | 1 |
_aLumbreras Salcedo, Luis Guillermo _92085 _eautor |
|
| 245 | 1 | 0 |
_aDe los orígenes de la civilización en el Perú / _cLuis Guillermo Lumbreras Salcedo |
| 260 |
_aLima : _bPeisa ; _c1988 |
||
| 300 |
_a142 p. : _bil., maps. ; _c20 cm. |
||
| 505 | 0 | _aDel hombre y la naturaleza -- De los primeros pobladores -- De los cazadores de guanaco -- De la recolección de la agricultura -- De los campesinos aldeanos -- De los dioses de Chavín -- De los experimentadores -- De los Mochicas -- De los pueblos de Nasca -- De Tiwanaku -- Del imperio Wari -- De la caida de ese imperio -- De los reinos y los señorios Yungas -- De los reinos Aymaras -- Del reino del Cusco -- Del imperio de los inkas -- De la caida del imperio Tawantinsuyo | |
| 650 | 1 | 0 |
_aHistoria _9707 |
| 650 | 1 | 0 |
_aÉpoca prehispánica _91366 |
| 650 | 1 | 0 |
_aCivilización antigua _92086 |
| 651 | 1 | 0 |
_9661 _aPerú |
| 942 |
_cLIB _2ddc |
||
| 999 |
_c18 _d18 |
||